000 00741nam a2200253Ia 4500
003 OSt
005 20220926014131.0
006 a|||||r|||| 00| 0
007 ta
008 220923b |||||||| |||| 00| 0 eng d
037 _cGeneral Book
040 _aRTL
_cRTL
_beng
041 _2eng
_aeng
082 _aX:8, J8;L9
100 _aMcFarland Dalton E
_9313844
245 0 _aManagement
_b Foundatiions and practices
250 _a5th
260 _aNew York
_bMacmillan Publishing USA
_c1979
300 _a658p.
_ccm.
500 _aPublished previously as Management : Principles and practices
650 _aManagement
_930681
942 _hX:8, J8;L9
_cGB
_2CC
999 _c627971
_d627971